00526nam a2200205Ia 4500003000400000005001700004008004100021020002200062040000700084041001200091082002000103100001900123245002500142260003000167300002800197365001700225440004000242650001500282650002300297OSt20250714182700.0210423s2015 xx 000 0 und d a978-1-78076-585-3 cAL aEnglish a070.4082 bFRAW aSuzanne Franks aWomen and journalism aNew DelhibHyperionc2015 aviii,85p.bHBc24x16cm. b2165.83cINR aReuters study of journalism library aJournalism aJournalism & Media